000 00568 a2200181 4500
020 _a 8176352179
040 _aDLC
_bDLC
082 0 4 _a004.6
100 1 _aFeldman, Jonathan.
245 1 0 _aSams teach yourself network troubleshooting in 24 hours
_cJonathan Feldman.
260 _aIndianapolis, Ind. :
_bSams Publishing,
_c1998.
300 _axvii, 436 p. :
_bill. ;
_c23 cm.
500 _aIncludes index.
650 0 _aComputer networks
_xMaintenance and repair.
650 0 _aComputer Communication Networks.
650 0 _aMaintenance.
942 _cBK
_k004.6 FEL
_2ddc
999 _c5519
_d5519